Statistics for Carowinds Coasters 2018

Click here to take the quiz!

General Stats

  • This quiz has been taken 46 times
  • The average score is 8 of 13

Answer Stats

Answers% Correct
Fury 325
93%
Intimidator
90%
Nighthawk
80%
Afterburn
71%
Hurler
68%
Carolina Cyclone
66%
Vortex
61%
Carolina Goldrusher
59%
Kiddy Hawk
46%
The Flying Cobras
46%
Woodstock Express
44%
Ricochet
41%
Wilderness Run
27%

Score Distribution

Percentile by Number Answered

Percent of People with Each Score

Your Score History

You have not taken this quiz